00690nam a22001697a 4500003000400000005001700004008004100021040000700062245020800069260010600277300001000383490004300393650001800436650001800454650001800472650003000490OSt20231227113317.0181201b xxu||||| |||| 00| 0 spa d cPJ10aProtocolo unificado de los ministerios públicos de la República Argentina :bguía para el levantamiento y conservación de la evidencia /cMinisterio de Justicia y Derechos Humanos de la Nación. aCiudad Autónoma de Buenos Aires :bMinisterio de Justicia y Derechos Humanos de la Nación,c2017. a56 p. aPrograma Nacional de Criminalística 0aDERECHO PENAL 0aPROCESO PENAL 0aINSTRUCCIÓN 0aINVESTIGACIÓN DEL HECHO